| 000 | 00523nam a2200193Ia 4500 | ||
|---|---|---|---|
| 005 | 20250508150052.0 | ||
| 008 | 008 250505s9999 xx 000 0 eng d | ||
| 037 | _aTextBook | ||
| 040 |
_aFEDL _beng _cFEDL |
||
| 041 |
_aeng _2eng |
||
| 084 |
_a301, LEE _qFEDL |
||
| 100 | _aLee Alfred McClung | ||
| 245 | 0 | _aNew outline of the principles of sociology | |
| 260 |
_aNew York, USA _bBarnes and Noble _c1946 |
||
| 300 | _a355p. | ||
| 650 | _aSociology | ||
| 942 |
_cTB _h301, LEE |
||
| 999 |
_c1321627 _d1321627 |
||